| 000 | 00781 a2200205 4500 | ||
|---|---|---|---|
| 020 | _a082133977X | ||
| 020 | _a9780821339770 | ||
| 082 | 0 | 4 | _a307.14120967 |
| 090 |
_c3138 _d3138 |
||
| 100 | 1 | _aCleaver, Kevin M. | |
| 245 | 1 | 0 |
_aRural development strategies for poverty reduction and environmental protection in sub-saharan africa / _cKevin M. Cleaver. |
| 260 |
_a[S.l.] : _bWorld Bank Publications, _c1997. |
||
| 300 |
_a65 p. ; _c23 cm. |
||
| 490 | 1 | _aDirections in development. | |
| 500 | _aPaperback. | ||
| 830 | 0 | _aDirections in development. | |
| 856 | 4 | 0 |
_3Amazon.com _uhttp://www.amazon.com/exec/obidos/ASIN/082133977X/chopaconline-20 |
| 856 | 4 | 0 |
_3Amazon customer reviews _uhttp://www.chopac.org/cgi-bin/tools/azrev.pl?q=082133977X |
| 942 |
_aNBS _cBK _k307.14120967 CLE |
||
| 999 |
_c345627 _d345627 |
||